|
|
|
|
| LEADER |
00000nam1a2200000 4500 |
| 001 |
263223 |
| 005 |
20231031222327.0 |
| 035 |
|
|
|a (RuTPU)RU\TPU\book\286208
|
| 035 |
|
|
|a RU\TPU\book\288416
|
| 090 |
|
|
|a 263223
|
| 100 |
|
|
|a 20140626d2014 k y0rusy50 ca
|
| 101 |
0 |
|
|a rus
|
| 102 |
|
|
|a RU
|
| 200 |
1 |
|
|a Труды Российского государственного университета нефти и газа имени И. М. Губкина
|e сборник научных статей по проблемам нефти и газа
|f Российский государственный университет нефти и газа им. И. М. Губкина (РГУ Нефти и Газа)
|
| 210 |
|
|
|a Москва
|c Изд-во РГУ нефти и газа
|d 2014-
|
| 712 |
0 |
2 |
|a Российский государственный университет нефти и газа им. И. М. Губкина (РГУ Нефти и Газа)
|c (Москва)
|c (1998- )
|2 stltpush
|3 (RuTPU)RU\TPU\col\408
|
| 801 |
|
1 |
|a RU
|b 63413507
|c 20140606
|
| 801 |
|
2 |
|a RU
|b 63413507
|c 20150911
|g RCR
|
| 942 |
|
|
|c BK
|